The journey back / (Record no. 2929)

MARC details
000 -LEADER
fixed length control field 01320cam a2200349 a 4500
001 - CONTROL NUMBER
control field 2929
003 - CONTROL NUMBER IDENTIFIER
control field FISKH
005 - DATE AND TIME OF LATEST TRANSACTION
control field 20240124083821.0
008 - FIXED-LENGTH DATA ELEMENTS--GENERAL INFORMATION
fixed length control field 120313s2012 nyub d 000 1 eng
010 ## - LIBRARY OF CONGRESS CONTROL NUMBER
LC control number 2012003818
020 ## - INTERNATIONAL STANDARD BOOK NUMBER
International Standard Book Number 9780525423621 (hardcover)
020 ## - INTERNATIONAL STANDARD BOOK NUMBER
International Standard Book Number 9780545500142
040 ## - CATALOGING SOURCE
Original cataloging agency DLC
Transcribing agency DLC
Modifying agency DLC
Language of cataloging eng
042 ## - AUTHENTICATION CODE
Authentication code lcac
-- pcc
050 00 - LIBRARY OF CONGRESS CALL NUMBER
Classification number PZ7.C9149
Item number Jou 2012
082 00 - DEWEY DECIMAL CLASSIFICATION NUMBER
Classification number [Fic]
Edition number 23
100 1# - MAIN ENTRY--PERSONAL NAME
Personal name Cummings, Priscilla,
Dates associated with a name 1951-
245 14 - TITLE STATEMENT
Title The journey back /
Statement of responsibility, etc. Priscilla Cummings.
250 ## - EDITION STATEMENT
Edition statement First Scholastic paperback printing, September 013
260 ## - PUBLICATION, DISTRIBUTION, ETC.
Place of publication, distribution, etc. New York :
Name of publisher, distributor, etc. Scholastic,
Date of publication, distribution, etc. 2012
300 ## - PHYSICAL DESCRIPTION
Extent 243 pages :
Other physical details map ;
Dimensions 20 cm
520 ## - SUMMARY, ETC.
Summary, etc. After breaking out of juvenile detention, fourteen-year-old Digger stops his trek across Maryland at a campground where he recovers from injuries, cares for little Luke, works with smart and pretty Nora, and begins to understand how his behavior and choices shape his life.
650 #1 - SUBJECT ADDED ENTRY--TOPICAL TERM
Topical term or geographic name entry element Fugitives from justice
Form subdivision Fiction.
650 #1 - SUBJECT ADDED ENTRY--TOPICAL TERM
Topical term or geographic name entry element Conduct of life
Form subdivision Fiction.
650 #1 - SUBJECT ADDED ENTRY--TOPICAL TERM
Topical term or geographic name entry element Coming of age
Form subdivision Fiction.
650 #1 - SUBJECT ADDED ENTRY--TOPICAL TERM
Topical term or geographic name entry element Camping
Form subdivision Fiction.
650 #1 - SUBJECT ADDED ENTRY--TOPICAL TERM
Topical term or geographic name entry element Voyages and travels
Form subdivision Fiction.
650 #1 - SUBJECT ADDED ENTRY--TOPICAL TERM
Topical term or geographic name entry element Juvenile detention homes
Form subdivision Fiction.
651 #1 - SUBJECT ADDED ENTRY--GEOGRAPHIC NAME
Geographic name Maryland
Form subdivision Fiction.
906 ## - LOCAL DATA ELEMENT F, LDF (RLIN)
a 7
b cbc
c orignew
d 1
e ecip
f 20
g y-gencatlg
942 ## - ADDED ENTRY ELEMENTS (KOHA)
Source of classification or shelving scheme Dewey Decimal Classification
Koha item type Books
Suppress in OPAC No
Holdings
Withdrawn status Lost status Source of classification or shelving scheme Damaged status Not for loan Collection Home library Current library Shelving location Date acquired Total Checkouts Full call number Barcode Date last seen Price effective from Koha item type
    Dewey Decimal Classification     Fiction Footprints International School Library Network Toul Kork Campus Footprints International School Library Network Toul Kork Campus   01/24/2024   CUM Fic PZ7.C9149 FISSE01487 01/24/2024 01/24/2024 Books